000 00527nam a2200193Ia 4500
003 GCL
008 140319s9999 xx 000 0 eng d
040 _aGCL /
_cGCL
082 0 4 _a841
_bD A
100 1 _aDAUZIER, PIERRE
245 1 0 _aANTHOLOGIE DES POETES DELAISSES DE JEAN MAROT A SAMUEL BECKETTE /
_cDAUZIER, PIERRE
700 1 _aLOMBARD, PAUL
260 _a[S.N] :
_bLA TABLE RONDE ،
_c1994
300 _a481 P
650 0 4 _aLITERATURE
650 0 4 _aFRENCH POETRY
650 0 4 _aFRENCH LITERATURE
942 _2ddc
_cBK
999 _c16398
_d16398